[Event "Titled Tuesday intern op 24th Aug"]
[Site "Chess.com INT"]
[Date "2021.08.24"]
[Round "1"]
[White "Mirzoev, Azer"]
[Black "Quiroga Garza, Juan Manuel"]
[Result "1-0"]
[WhiteElo "2436"]
[BlackElo "2152"]
[PlyCount "67"]
[EventDate "2021.08.24"]
[EventType "swiss (blitz)"]
[EventRounds "11"]
[EventCountry "USA"]
[SourceTitle "EXT 2022"]
[Source "ChessBase"]
[SourceDate "2021.10.06"]
[SourceVersion "1"]
[SourceVersionDate "2021.10.06"]
[SourceQuality "1"]

1. c4 Nf6 2. Nc3 d6 3. d4 g6 4. e4 Bg7 5. f3 0-0 6. Be3 e5 7. Nge2 Nc6 8. Qd2 Re8 9. 0-0-0 Nh5 10. d5 Ne7 11. g4 Nf4 12. Nxf4 exf4 13. Bxf4 Kh8 14. Bh6 Ng8 15. Bxg7+ Kxg7 16. h4 Bd7 17. Be2 Qf6 18. g5 Qe5 19. f4 Qe7 20. h5 f5 21. Qd4+ Kf8 22. hxg6 hxg6 23. Bd3 Qg7 24. Qxg7+ Kxg7 25. exf5 Bxf5 26. Bxf5 gxf5 27. Nb5 Re7 28. Nd4 Kg6 29. b3 Rae8 30. Ne6 c6 31. Rh8 cxd5 32. cxd5 Rc8+ 33. Kb2 Kf7 34. Rdh1 1-0

[Event "Mexican op 66th"]
[Site "Villahermosa"]
[Date "2021.08.07"]
[Round "7"]
[White "Quiroga Garza, Juan Manuel"]
[Black "Diaz Rosas, Julio Cesar"]
[Result "0-1"]
[WhiteElo "2152"]
[BlackElo "2367"]
[PlyCount "72"]
[EventDate "2021.08.04"]
[EventType "swiss"]
[EventRounds "8"]
[EventCountry "MEX"]
[SourceTitle "CBM 203 Extra"]
[Source "ChessBase"]
[SourceDate "2021.09.30"]
[SourceVersion "1"]
[SourceVersionDate "2021.09.30"]
[SourceQuality "1"]

1. c4 Nf6 2. Nf3 g6 3. Nc3 Bg7 4. e4 d6 5. Be2 0-0 6. d3 Nc6 7. 0-0 e5 8. Ne1 Nd4 9. Nc2 Nxe2+ 10. Qxe2 Nh5 11. Be3 c6 12. d4 Qh4 13. g3 Qh3 14. f4 Nf6 15. fxe5 dxe5 16. d5 cxd5 17. cxd5 Bd7 18. Qg2 Qh5 19. Rfe1 b6 20. Bd2 Bg4 21. Qf2 Rac8 22. Ne3 Bf3 23. Nf1 Rc4 24. Re3 Bxe4 25. Qe1 Bf3 26. Rxe5 Qh3 27. Qf2 Ng4 28. Qxf3 Nxe5 29. Qe2 Rcc8 30. Bf4 Rfe8 31. Rc1 Qd7 32. Ne3 Nc4 33. Qf2 Bd4 34. Ncd1 Nxe3 35. Rxc8 Qxc8 36. Bxe3 Rxe3 0-1

[Event "FIDE World Cup Mexico Qual"]
[Site "Mexico City"]
[Date "2021.05.30"]
[Round "8"]
[White "Tapie Amione, Pablo Adib"]
[Black "Quiroga Garza, Juan Manuel"]
[Result "1-0"]
[WhiteElo "2291"]
[BlackElo "2137"]
[PlyCount "59"]
[EventDate "2021.05.26"]
[EventType "swiss"]
[EventRounds "9"]
[EventCountry "MEX"]
[SourceTitle "CBM 202 Extra"]
[Source "ChessBase"]
[SourceDate "2021.07.31"]
[SourceVersion "1"]
[SourceVersionDate "2021.07.31"]
[SourceQuality "1"]

1. e4 c5 2. Nf3 e6 3. d4 cxd4 4. Nxd4 a6 5. c4 Nf6 6. Nc3 Qc7 7. Be3 d6 8. f3 Nbd7 9. Rc1 Be7 10. Be2 b6 11. g4 h6 12. Kd2 Bb7 13. Kc2 b5 14. cxb5 d5 15. Kb1 Qa5 16. bxa6 Bxa6 17. Nc6 Bxe2 18. Qxe2 Qa6 19. Qxa6 Rxa6 20. Nb5 Bd8 21. e5 Rxc6 22. Rxc6 Nxe5 23. Rc8 Nxf3 24. Rhc1 Kd7 25. Rb8 Ne4 26. Rb7+ Ke8 27. Rc8 Nfd2+ 28. Bxd2 Nxd2+ 29. Kc1 Ne4 30. Rxd8+ 1-0

[Event "FIDE World Cup Mexico Qual"]
[Site "Mexico City"]
[Date "2021.05.26"]
[Round "1"]
[White "Quiroga Garza, Juan Manuel"]
[Black "Montes Orozco, Miguel Angel"]
[Result "0-1"]
[WhiteElo "2137"]
[BlackElo "1679"]
[PlyCount "68"]
[EventDate "2021.05.26"]
[EventType "swiss"]
[EventRounds "9"]
[EventCountry "MEX"]
[SourceTitle "CBM 202 Extra"]
[Source "ChessBase"]
[SourceDate "2021.07.31"]
[SourceVersion "1"]
[SourceVersionDate "2021.07.31"]
[SourceQuality "1"]

1. e4 e5 2. Nf3 Nc6 3. Bb5 a6 4. Ba4 Bc5 5. Bxc6 dxc6 6. d3 f6 7. Nh4 Be6 8. Qf3 Qd7 9. Be3 Bb4+ 10. Bd2 Bc5 11. h3 0-0-0 12. Nc3 Ne7 13. g4 h5 14. Nf5 g6 15. Nxe7+ Qxe7 16. 0-0-0 Rdf8 17. Qe2 Rf7 18. f4 exf4 19. Bxf4 Bd4 20. Qg2 Bxc3 21. bxc3 Qc5 22. c4 Qa3+ 23. Kd2 Rd7 24. Ke2 Qxa2 25. Ke3 Qa3 26. gxh5 g5 27. Bg3 Re8 28. Ra1 Qc3 29. Qd2 Qd4+ 30. Kf3 Bxh3 31. Qe3 Bg2+ 32. Kf2 Qxe3+ 33. Kxe3 Bxh1 34. Rxh1 f5 0-1

[Event "Titled Tuesday intern op 23rd Mar"]
[Site "Chess.com INT"]
[Date "2021.03.23"]
[Round "11"]
[White "Real de Azua, Ernesto"]
[Black "Quiroga Garza, Juan Manuel"]
[Result "1-0"]
[WhiteElo "2440"]
[BlackElo "2190"]
[PlyCount "83"]
[EventDate "2021.03.23"]
[EventType "swiss (blitz)"]
[EventRounds "11"]
[EventCountry "USA"]
[SourceTitle "CBM 201 Extra"]
[Source "ChessBase"]
[SourceDate "2021.05.31"]
[SourceVersion "1"]
[SourceVersionDate "2021.05.31"]
[SourceQuality "1"]

1. d4 Nf6 2. c4 e6 3. Nc3 c5 4. d5 exd5 5. cxd5 d6 6. Nf3 g6 7. Bf4 Bg7 8. Qa4+ Bd7 9. Qb3 Bc8 10. e4 0-0 11. Nd2 a6 12. a4 Re8 13. Be2 Bf8 14. 0-0 Nbd7 15. Rfe1 Ne5 16. h3 Qa5 17. Bxe5 dxe5 18. Nc4 Qb4 19. Qc2 Rb8 20. a5 Bd7 21. Ra3 Bb5 22. Rb3 Rbc8 23. Rxb4 cxb4 24. Na2 b3 25. Qxb3 Nxe4 26. Ne3 Nd2 27. Qd1 Bxe2 28. Qxd2 Bb5 29. Nc3 Bd7 30. Ng4 Bg7 31. d6 f5 32. Ne3 Rc5 33. Ned5 Kf7 34. Nc7 Rc8 35. Qc2 Rxa5 36. Qb3+ Kf8 37. Qxb7 Rc5 38. Ne6+ Bxe6 39. Qe7+ Kg8 40. Qxe6+ Kh8 41. d7 Rd8 42. Qe8+ 1-0

[Event "Titled Tuesday intern op 23rd Mar"]
[Site "Chess.com INT"]
[Date "2021.03.23"]
[Round "7"]
[White "Xie, Bryan"]
[Black "Quiroga Garza, Juan Manuel"]
[Result "0-1"]
[WhiteElo "1998"]
[BlackElo "2190"]
[PlyCount "142"]
[EventDate "2021.03.23"]
[EventType "swiss (blitz)"]
[EventRounds "11"]
[EventCountry "USA"]
[SourceTitle "CBM 201 Extra"]
[Source "ChessBase"]
[SourceDate "2021.05.31"]
[SourceVersion "1"]
[SourceVersionDate "2021.05.31"]
[SourceQuality "1"]

1. e4 c5 2. Nf3 e6 3. d4 cxd4 4. Nxd4 a6 5. Nc3 b5 6. Be3 Bb7 7. a3 Qc7 8. Be2 Nf6 9. Bf3 d6 10. 0-0 Nbd7 11. g3 Ne5 12. Bg2 Nc4 13. Bc1 Be7 14. Re1 0-0 15. a4 b4 16. Nb1 Rac8 17. Nd2 Nxd2 18. Bxd2 a5 19. c3 Qb6 20. Be3 Qc7 21. Nb5 Qc4 22. b3 Qc6 23. Na7 Qc7 24. Nxc8 Rxc8 25. cxb4 axb4 26. Rc1 Qd8 27. Rxc8 Qxc8 28. Bd4 e5 29. Bb2 Qa8 30. Qe2 Ba6 31. Qc2 h6 32. Rc1 Bf8 33. h3 Bb7 34. Re1 Nd7 35. f4 f6 36. fxe5 fxe5 37. Qc4+ Kh7 38. Rf1 Nf6 39. Re1 Be7 40. Qxb4 Nd7 41. Qc4 Nc5 42. Qf7 Bf6 43. h4 Bxe4 44. Bxe4+ Nxe4 45. h5 Ng5 46. Qg6+ Kg8 47. Rc1 Nf3+ 48. Kg2 Nh4+ 49. Kh3 Nxg6 50. hxg6 Kf8 51. Ba3 Qd5 52. Rc8+ Ke7 53. Rc7+ Kd8 54. Rf7 Qxb3 55. Bxd6 Qxa4 56. Rf8+ Kd7 57. Bc5 Qc4 58. Rf7+ Ke6 59. Bf8 Kf5 60. Bxg7 Qg4+ 61. Kg2 Qe2+ 62. Kh3 Qf1+ 63. Kh2 Qe2+ 64. Kh3 Qh5+ 65. Kg2 Qxg6 66. Rxf6+ Qxf6 67. Bxf6 Kxf6 68. Kf3 Kf5 69. g4+ Kg5 70. Kg3 e4 71. Kh3 Kf4 0-1

[Event "Titled Tuesday intern op 23rd Feb"]
[Site "Chess.com INT"]
[Date "2021.02.23"]
[Round "1"]
[White "Quiroga Garza, Juan Manuel"]
[Black "Holt, Conrad"]
[Result "0-1"]
[WhiteElo "2190"]
[BlackElo "2549"]
[PlyCount "50"]
[EventDate "2021.02.23"]
[EventType "swiss (blitz)"]
[EventRounds "11"]
[EventCountry "USA"]
[SourceTitle "CBM 200 Extra"]
[Source "ChessBase"]
[SourceDate "2021.03.31"]
[SourceVersion "1"]
[SourceVersionDate "2021.03.31"]
[SourceQuality "1"]

1. e4 e6 2. d4 d5 3. Nc3 Nf6 4. e5 Nfd7 5. f4 c5 6. Nf3 Nc6 7. Be3 cxd4 8. Nxd4 Bc5 9. Qd2 0-0 10. Nce2 Qb6 11. c3 a5 12. g3 f6 13. exf6 Nxf6 14. Bg2 e5 15. Nc2 d4 16. cxd4 exd4 17. Bf2 Ng4 18. Bxc6 Qxc6 19. 0-0 d3 20. Ned4 Qh6 21. h4 dxc2 22. Qxc2 Qb6 23. Rad1 Nxf2 24. Rxf2 Rd8 25. Rfd2 Rxd4 0-1

[Event "Titled Tuesday intern op 16th Feb"]
[Site "Chess.com INT"]
[Date "2021.02.16"]
[Round "8"]
[White "Peyrer, Konstantin"]
[Black "Quiroga Garza, Juan Manuel"]
[Result "0-1"]
[WhiteElo "2261"]
[BlackElo "2190"]
[PlyCount "40"]
[EventDate "2021.02.16"]
[EventType "swiss (blitz)"]
[EventRounds "11"]
[EventCountry "USA"]
[SourceTitle "EXT 2022"]
[Source "ChessBase"]
[SourceDate "2021.10.06"]
[SourceVersion "1"]
[SourceVersionDate "2021.10.06"]
[SourceQuality "1"]

1. Nf3 Nf6 2. g3 d5 3. Bg2 e6 4. 0-0 Be7 5. d4 0-0 6. c4 dxc4 7. Qc2 a6 8. Qxc4 b5 9. Qc2 Bb7 10. Be3 Nbd7 11. Rc1 Rc8 12. Nbd2 c5 13. dxc5 Nxc5 14. Nb3 Na4 15. Qd2 Qxd2 16. Bxd2 Nxb2 17. Ne5 Bxg2 18. Kxg2 Ne4 19. Nc6 Bf6 20. Bf4 Nc4 0-1

[Event "Titled Tuesday intern op 16th Feb"]
[Site "Chess.com INT"]
[Date "2021.02.16"]
[Round "9"]
[White "Quiroga Garza, Juan Manuel"]
[Black "Maksimovic, Bojan"]
[Result "1-0"]
[WhiteElo "2190"]
[BlackElo "2416"]
[PlyCount "47"]
[EventDate "2021.02.16"]
[EventType "swiss (blitz)"]
[EventRounds "11"]
[EventCountry "USA"]
[SourceTitle "EXT 2022"]
[Source "ChessBase"]
[SourceDate "2021.10.06"]
[SourceVersion "1"]
[SourceVersionDate "2021.10.06"]
[SourceQuality "1"]

1. e4 g6 2. d4 Bg7 3. Nf3 d6 4. h3 Nf6 5. Nc3 Nc6 6. Be3 e5 7. Bc4 0-0 8. 0-0 a6 9. a4 h6 10. Qd2 Kh7 11. Rad1 Qe7 12. dxe5 Nxe5 13. Nxe5 dxe5 14. Nd5 Nxd5 15. Bxd5 c6 16. Bb3 Re8 17. Qd6 Be6 18. Qxe7 Rxe7 19. Bc5 Bxb3 20. cxb3 Rc7 21. Rd3 b5 22. Rfd1 Bf8 23. Bb6 Rb7 24. a5 1-0

[Event "Titled Tuesday intern op 16th Feb"]
[Site "Chess.com INT"]
[Date "2021.02.16"]
[Round "7"]
[White "Quiroga Garza, Juan Manuel"]
[Black "Ozer, Omer Faruk"]
[Result "1-0"]
[WhiteElo "2190"]
[BlackElo "2317"]
[PlyCount "101"]
[EventDate "2021.02.16"]
[EventType "swiss (blitz)"]
[EventRounds "11"]
[EventCountry "USA"]
[SourceTitle "EXT 2022"]
[Source "ChessBase"]
[SourceDate "2021.10.06"]
[SourceVersion "1"]
[SourceVersionDate "2021.10.06"]
[SourceQuality "1"]

1. e4 c5 2. Nf3 d6 3. d4 cxd4 4. Nxd4 Nf6 5. Nc3 Nc6 6. Bg5 e6 7. Be2 a6 8. 0-0 Be7 9. Qd2 0-0 10. Rad1 Bd7 11. f4 h6 12. Bh4 Nxe4 13. Nxe4 Bxh4 14. Nxd6 Qb6 15. Nc4 Qxd4+ 16. Qxd4 Nxd4 17. Rxd4 Bb5 18. Bd3 Bf6 19. Ne5 Rfd8 20. Rxd8+ Rxd8 21. Bxb5 axb5 22. Nd3 b4 23. g3 Ra8 24. Nxb4 Bxb2 25. Rb1 Bc3 26. Rb3 Bd4+ 27. Kg2 Rc8 28. Kf3 g5 29. Ke4 Bg1 30. h3 Kg7 31. c3 Bh2 32. Kf3 gxf4 33. gxf4 Bg1 34. Nd3 Rc7 35. Ne5 Bc5 36. Nd3 Bd6 37. Ke4 Kg6 38. Kd4 Kh5 39. Rb5+ Kh4 40. c4 f5 41. c5 Bf8 42. Ke5 Rd7 43. Nb4 Re7 44. c6 bxc6 45. Nxc6 Re8 46. Rb3 Bg7+ 47. Kd6 e5 48. fxe5 f4 49. e6 Kg5 50. Kd7 Ra8 51. e7 1-0

[Event "Titled Tuesday intern op 16th Feb"]
[Site "Chess.com INT"]
[Date "2021.02.16"]
[Round "6"]
[White "Quiroga Garza, Juan Manuel"]
[Black "Pantzar, Milton"]
[Result "0-1"]
[WhiteElo "2190"]
[BlackElo "2421"]
[PlyCount "162"]
[EventDate "2021.02.16"]
[EventType "swiss (blitz)"]
[EventRounds "11"]
[EventCountry "USA"]
[SourceTitle "EXT 2022"]
[Source "ChessBase"]
[SourceDate "2021.10.06"]
[SourceVersion "1"]
[SourceVersionDate "2021.10.06"]
[SourceQuality "1"]

1. e4 e5 2. Nf3 Nc6 3. d4 exd4 4. Nxd4 d6 5. Be3 Nf6 6. Bd3 Ne5 7. Be2 Nxe4 8. 0-0 Be7 9. f4 Nc6 10. Bf3 Nxd4 11. Qxd4 Nf6 12. Qa4+ c6 13. Nc3 0-0 14. Rad1 d5 15. Bd4 b5 16. Qb3 a5 17. a4 b4 18. Ne2 Ba6 19. Rfe1 Re8 20. c3 Bc4 21. Qc2 b3 22. Qf5 g6 23. Qh3 c5 24. Be5 Bd6 25. Ng3 Qe7 26. Qh4 Nd7 27. Qxe7 Bxe7 28. Bxd5 Nxe5 29. Rxe5 Bxd5 30. Rexd5 c4 31. f5 Bf6 32. fxg6 hxg6 33. Rf1 Kg7 34. Rd6 Re6 35. Rxe6 fxe6 36. Ne4 Be5 37. Rd1 Ra7 38. Rd8 Rf7 39. Rc8 Rf4 40. Rxc4 Bxc3 41. Rxc3 Rxe4 42. Rxb3 Rxa4 43. Kf2 Rd4 44. Ke3 Rh4 45. h3 Kf6 46. Rb5 a4 47. Ra5 Rb4 48. Kf3 e5 49. g3 Kf5 50. h4 Rb3+ 51. Kg2 Rxb2+ 52. Kf3 Rb4 53. Ra7 Rb3+ 54. Kf2 a3 55. Ra4 Rb2+ 56. Kf3 e4+ 57. Ke3 Rb3+ 58. Kf2 Rb2+ 59. Ke3 a2 60. g4+ Kxg4 61. Rxe4+ Kh5 62. Ra4 Rh2 63. Kf3 Rb2 64. Kg3 Rb3+ 65. Kg2 Rb2+ 66. Kg3 Kh6 67. Ra5 Rb3+ 68. Kg2 Rb2+ 69. Kg3 Kg7 70. Kg4 Rb4+ 71. Kg5 Rb5+ 72. Rxb5 a1Q 73. Rb7+ Kf8 74. Rb8+ Ke7 75. Rb7+ Kd6 76. Rb6+ Ke7 77. Rxg6 Qg1+ 78. Kh6 Qe3+ 79. Kh7 Qe4 80. h5 Kf7 81. Kh6 Qe5 0-1

[Event "Titled Tuesday intern op 09th Feb"]
[Site "Chess.com INT"]
[Date "2021.02.09"]
[Round "7"]
[White "Muromtsev, Arthur"]
[Black "Quiroga Garza, Juan Manuel"]
[Result "0-1"]
[WhiteElo "2161"]
[BlackElo "2190"]
[PlyCount "54"]
[EventDate "2021.02.09"]
[EventType "swiss (blitz)"]
[EventRounds "11"]
[EventCountry "USA"]
[SourceTitle "EXT 2022"]
[Source "ChessBase"]
[SourceDate "2021.10.06"]
[SourceVersion "1"]
[SourceVersionDate "2021.10.06"]
[SourceQuality "1"]

1. e4 e5 2. Nc3 Nc6 3. g3 Bc5 4. Bg2 Nge7 5. Nge2 0-0 6. 0-0 d6 7. Na4 Bb6 8. Nxb6 axb6 9. h3 f5 10. exf5 Bxf5 11. a3 Qd7 12. Kh2 Rf6 13. d4 Raf8 14. dxe5 Nxe5 15. Nd4 Bg6 16. Qe2 c5 17. Nb5 Nf3+ 18. Bxf3 Rxf3 19. Bg5 Nc6 20. Rad1 d5 21. c3 h6 22. Be3 Be4 23. b4 R8f5 24. Bg5 Qf7 25. Be3 Rh5 26. Nd6 Qe6 27. Nxe4 Qxh3+ 0-1

[Event "Titled Tuesday intern op 09th Feb"]
[Site "Chess.com INT"]
[Date "2021.02.09"]
[Round "2"]
[White "Quiroga Garza, Juan Manuel"]
[Black "Darini, Pouria"]
[Result "0-1"]
[WhiteElo "2190"]
[BlackElo "2432"]
[PlyCount "168"]
[EventDate "2021.02.09"]
[EventType "swiss (blitz)"]
[EventRounds "11"]
[EventCountry "USA"]
[SourceTitle "EXT 2022"]
[Source "ChessBase"]
[SourceDate "2021.10.06"]
[SourceVersion "1"]
[SourceVersionDate "2021.10.06"]
[SourceQuality "1"]

1. e4 c6 2. Nf3 d5 3. Nc3 dxe4 4. Nxe4 Nf6 5. Ng3 e6 6. d4 c5 7. Bb5+ Bd7 8. Bxd7+ Qxd7 9. 0-0 Nc6 10. dxc5 Bxc5 11. Bg5 Qxd1 12. Rfxd1 Be7 13. c4 0-0 14. Rac1 Rfd8 15. h3 h6 16. Be3 Nb4 17. a3 Nd3 18. Rb1 a5 19. Bb6 Rd7 20. a4 Ra6 21. Be3 Nc5 22. Bxc5 Bxc5 23. Ne5 Rxd1+ 24. Rxd1 Rd6 25. Rxd6 Bxd6 26. Nd3 Bxg3 27. fxg3 Ne4 28. g4 Nd2 29. c5 Nc4 30. b4 axb4 31. Nxb4 Kf8 32. Kf2 Ke7 33. Ke2 Kd7 34. Kd3 Nb2+ 35. Kc3 Nxa4+ 36. Kc4 Kc7 37. Kb5 Nc3+ 38. Kc4 Nd1 39. Nc2 Nf2 40. Kd4 Nd1 41. Kc4 Nb2+ 42. Kb3 Nd3 43. Kc4 Ne5+ 44. Kd4 Nc6+ 45. Kc4 Kd7 46. Ne3 f6 47. h4 Kc7 48. Kd3 Ne5+ 49. Kd4 Kc6 50. g3 Nd7 51. g5 hxg5 52. hxg5 Nxc5 53. gxf6 gxf6 54. Nc4 Nd7 55. Na5+ Kc7 56. g4 b6 57. Nc4 Kc6 58. Nd2 b5 59. Ne4 Kb6 60. g5 fxg5 61. Nxg5 Nc5 62. Kc3 Ka5 63. Kb2 Kb4 64. Nf3 Kc4 65. Ne5+ Kd5 66. Nf3 e5 67. Kc3 Na6 68. Nd2 Kc5 69. Nb3+ Kd5 70. Nd2 Nc7 71. Kb4 Kc6 72. Nf3 Nd5+ 73. Kb3 Kd6 74. Nd2 Kc5 75. Kc2 Kd4 76. Nb3+ Ke3 77. Nc5 e4 78. Kb3 b4 79. Kc4 Kd2 80. Kxd5 e3 81. Nb3+ Kc3 82. Nd4 b3 83. Ke4 b2 84. Ne2+ Kd2 0-1